Five-star valuations (Record no. 76880)
[ view plain ]
| 000 -LEADER | |
|---|---|
| fixed length control field | 00978cab a2200181 4500 |
| 001 - CONTROL NUMBER | |
| control field | ##L133227 |
| 008 - FIXED-LENGTH DATA ELEMENTS--GENERAL INFORMATION | |
| fixed length control field | 060421n2006 000 0 eng u |
| 035 ## - SYSTEM CONTROL NUMBER | |
| System control number | (Sirsi) u133227 |
| 041 0# - LANGUAGE CODE | |
| Language code of text/sound track or separate title | eng |
| 100 1# - MAIN ENTRY--PERSONAL NAME | |
| Personal name | Picarda, Dominic |
| 245 00 - TITLE STATEMENT | |
| Title | Five-star valuations |
| 260 ## - PUBLICATION, DISTRIBUTION, ETC. | |
| Date of publication, distribution, etc. | 2006 |
| 490 #0 - SERIES STATEMENT | |
| Series statement | Investors Chronicle |
| Volume/sequential designation | 13 April 2006, 51-52(2) |
| 520 ## - SUMMARY, ETC. | |
| Summary, etc. | Searching for a hotel company to invest in at this moment may prove tricky as the choice is narrow and the prices are sky high due to more and more people travelling for both business and pleasure. Shares in the sector have enjoyed a boom and a hunger among real-estate investors for commercial property assets. However, international travel restrictions as a result of flu outbreaks and terrorist attacks can lead the global hotel trade open to periods of vulnerability. |
| 590 ## - LOCAL NOTE (RLIN) | |
| Local note | IKA250406 |
| 690 ## - LOCAL SUBJECT ADDED ENTRY--TOPICAL TERM (OCLC, RLIN) | |
| Topical term or geographic name as entry element | PROPERTY-COMMERCIAL PROPERTY-LEISURE PROPERTY-HOLIDAY AND GUEST PROPERTY-HOTEL PROPERTY-HOTELS |
| 942 ## - ADDED ENTRY ELEMENTS (KOHA) | |
| Suppress in OPAC | 0 |
| Withdrawn status | Lost status | Source of classification or shelving scheme | Damaged status | Not for loan | Home library | Current library | Shelving location | Date acquired | Total Checkouts | Full call number | Barcode | Date last seen | Copy number | Price effective from | Koha item type |
|---|---|---|---|---|---|---|---|---|---|---|---|---|---|---|---|
| Dewey Decimal Classification | London | London | Journal article | 21/04/2006 | L133227 | 133227-1001 | 06/08/2019 | 1 | 06/08/2019 | Journal article |